000 00391nam a2200133Ia 4500
008 220217s9999||||xx |||||||||||||| ||und||
020 _a9812-53-227-7
082 _a621.381 32 IRW
100 _aIrwin, David, J. and Nelms, Mark, R
_96031
245 0 _aBasic engineering circuit analysis
260 _aJohn wiely and sons, Inc.
_bNew York
_c2006
300 _b519
650 _aCIRCUITRY
999 _c177349
_d177349